<?xml version="1.0" encoding="UTF-8"?>
<record
    xmlns:xsi="http://www.w3.org/2001/XMLSchema-instance"
    xsi:schemaLocation="http://www.loc.gov/MARC21/slim http://www.loc.gov/standards/marcxml/schema/MARC21slim.xsd"
    xmlns="http://www.loc.gov/MARC21/slim">

  <leader>00974nam a2200241 a 4500</leader>
  <controlfield tag="001">74152</controlfield>
  <controlfield tag="003">BD-RjUL</controlfield>
  <controlfield tag="005">20211209082513.0</controlfield>
  <controlfield tag="008">180308r20152013bg ||||| |||| 00| 0 ben d</controlfield>
  <datafield tag="020" ind1=" " ind2=" ">
    <subfield code="a">98470164002254</subfield>
    <subfield code="c">Tk. 600.00</subfield>
  </datafield>
  <datafield tag="035" ind1=" " ind2=" ">
    <subfield code="a">(BD-RjUL)74370</subfield>
  </datafield>
  <datafield tag="040" ind1=" " ind2=" ">
    <subfield code="a">BD-RjUL</subfield>
    <subfield code="b">eng</subfield>
    <subfield code="c">BD-RjUL</subfield>
  </datafield>
  <datafield tag="041" ind1=" " ind2=" ">
    <subfield code="a">ben</subfield>
  </datafield>
  <datafield tag="082" ind1=" " ind2=" ">
    <subfield code="2">22</subfield>
    <subfield code="a">192</subfield>
    <subfield code="b">RUB 2015</subfield>
  </datafield>
  <datafield tag="245" ind1=" " ind2=" ">
    <subfield code="a">&#x9AC;&#x9BE;&#x9B0;&#x9CD;&#x99F;&#x9CD;&#x9B0;&#x9BE;&#x9A8;&#x9CD;&#x9A1; &#x9B0;&#x9BE;&#x9B8;&#x9C7;&#x9B2; &#x9B0;&#x99A;&#x9A8;&#x9BE; &#x9B8;&#x9AE;&#x997;&#x9CD;&#x9B0; /</subfield>
    <subfield code="c">&#x985;&#x9A8;&#x9C1;&#x9AC;&#x9BE;&#x9A6; ; &#x986;&#x9A4;&#x9BE; - &#x987; - &#x9B0;&#x9BE;&#x9AC;&#x9CD;&#x9AC;&#x9BF;</subfield>
  </datafield>
  <datafield tag="260" ind1=" " ind2=" ">
    <subfield code="a">&#x9A2;&#x9BE;&#x995;&#x9BE; :</subfield>
    <subfield code="b">&#x9B0;&#x9BE;&#x9AC;&#x9C7;&#x9AF;&#x9BC;&#x9BE; &#x9AC;&#x9C1;&#x995;&#x9B8; ,</subfield>
    <subfield code="c">&#x9E8;&#x9E6;&#x9E7;&#x9E9; (&#x9AE;&#x9C1;&#x9A6;&#x9CD;&#x9B0;&#x9A8; &#x9E8;&#x9E6;&#x9E7;&#x9EB;)</subfield>
  </datafield>
  <datafield tag="300" ind1=" " ind2=" ">
    <subfield code="a">&#x996;&#x9A8;&#x9CD;&#x9A1; ;</subfield>
    <subfield code="c">&#x9E8;&#x9E8; &#x9B8;&#x9C7;&#x9AE;&#x9BF;.</subfield>
  </datafield>
  <datafield tag="505" ind1=" " ind2=" ">
    <subfield code="a">&#x996;&#x9A8;&#x9CD;&#x9A1;. &#x9E7; -- &#x996;&#x9A8;&#x9CD;&#x9A1;. &#x9E8; -- &#x996;&#x9A8;&#x9CD;&#x9A1;. &#x9E9; --</subfield>
  </datafield>
  <datafield tag="600" ind1=" " ind2=" ">
    <subfield code="q">&#x9B0;&#x9BE;&#x9B8;&#x9C7;&#x9B2;, &#x9AC;&#x9BE;&#x9B0;&#x9CD;&#x99F;&#x9CD;&#x9B0;&#x9BE;&#x9A8;&#x9CD;&#x9A1;</subfield>
    <subfield code="d">1872-1970</subfield>
    <subfield code="9">220469</subfield>
  </datafield>
  <datafield tag="600" ind1=" " ind2=" ">
    <subfield code="q">Russell, Bertrand, </subfield>
    <subfield code="d">1872-1970</subfield>
    <subfield code="9">220470</subfield>
  </datafield>
  <datafield tag="700" ind1=" " ind2=" ">
    <subfield code="a">&#x9B0;&#x9BE;&#x9AC;&#x9CD;&#x9AC;&#x9BF;, &#x986;&#x9A4;&#x9BE; - &#x987; - </subfield>
    <subfield code="9">117068</subfield>
  </datafield>
  <datafield tag="942" ind1=" " ind2=" ">
    <subfield code="2">ddc</subfield>
    <subfield code="c">BK</subfield>
  </datafield>
  <datafield tag="999" ind1=" " ind2=" ">
    <subfield code="c">74152</subfield>
    <subfield code="d">74152</subfield>
  </datafield>
  <datafield tag="952" ind1=" " ind2=" ">
    <subfield code="0">0</subfield>
    <subfield code="1">0</subfield>
    <subfield code="2">ddc</subfield>
    <subfield code="4">0</subfield>
    <subfield code="7">1</subfield>
    <subfield code="8">NFIC</subfield>
    <subfield code="a">RUCL</subfield>
    <subfield code="b">RUCL</subfield>
    <subfield code="c">Reading</subfield>
    <subfield code="d">2017-03-15</subfield>
    <subfield code="e">Rajshahi News Home</subfield>
    <subfield code="g">600.00</subfield>
    <subfield code="l">0</subfield>
    <subfield code="o">B 192 RUB V-1 2015</subfield>
    <subfield code="r">2018-03-08 00:00:00</subfield>
    <subfield code="t">C-1</subfield>
    <subfield code="w">2018-03-08</subfield>
    <subfield code="y">BK</subfield>
  </datafield>
  <datafield tag="952" ind1=" " ind2=" ">
    <subfield code="0">0</subfield>
    <subfield code="1">0</subfield>
    <subfield code="2">ddc</subfield>
    <subfield code="4">0</subfield>
    <subfield code="7">1</subfield>
    <subfield code="8">NFIC</subfield>
    <subfield code="a">RUCL</subfield>
    <subfield code="b">RUCL</subfield>
    <subfield code="c">Reading</subfield>
    <subfield code="d">2017-03-15</subfield>
    <subfield code="e">Rajshahi News Home</subfield>
    <subfield code="g">600.00</subfield>
    <subfield code="l">0</subfield>
    <subfield code="o">B 192 RUB V-2 2014</subfield>
    <subfield code="r">2018-03-08 00:00:00</subfield>
    <subfield code="t">C-1</subfield>
    <subfield code="w">2021-12-09</subfield>
    <subfield code="y">BK</subfield>
  </datafield>
  <datafield tag="952" ind1=" " ind2=" ">
    <subfield code="0">0</subfield>
    <subfield code="1">0</subfield>
    <subfield code="2">ddc</subfield>
    <subfield code="4">0</subfield>
    <subfield code="7">1</subfield>
    <subfield code="8">NFIC</subfield>
    <subfield code="a">RUCL</subfield>
    <subfield code="b">RUCL</subfield>
    <subfield code="c">Reading</subfield>
    <subfield code="d">2017-03-15</subfield>
    <subfield code="e">Rajshahi News Home</subfield>
    <subfield code="g">600.00</subfield>
    <subfield code="l">0</subfield>
    <subfield code="o">B 192 RUB V-3 2015</subfield>
    <subfield code="r">2018-03-08 00:00:00</subfield>
    <subfield code="t">C-1</subfield>
    <subfield code="w">2021-12-09</subfield>
    <subfield code="y">BK</subfield>
  </datafield>
</record>
